| 000 | 00475nam a22001817a 4500 | ||
|---|---|---|---|
| 003 | PILC | ||
| 005 | 20160115104602.0 | ||
| 008 | 130917t xxu||||| |||| 00| 0 eng d | ||
| 050 |
_aPZ 7 _b.V573 1978 |
||
| 082 |
_aFIC _bV62d 1978 |
||
| 100 |
_aVeryan, Patricia _920336 |
||
| 245 |
_aDebt of honour _cPatricia Veryan. |
||
| 260 |
_aUnited Kingdom : _bFontana Books, _c1981. |
||
| 300 |
_a283 p. ; _c18 cm. |
||
| 650 |
_aFiction _9746 |
||
| 942 |
_2lcc _cBK |
||
| 999 |
_c11470 _d11470 |
||